000
00250nam a22000857a 4500
008
161205b xxu||||| |||| 00| 0 eng d
100
_9
1806
_a
Rachna Sager pvt .ltd
245
_a
Level part -1 Together with Rhymes-A
260
_a
NEW DELHI
_b
RACHNA SAGAR
_c
2007
999
_c
4535
_d
4535